000 00664nam a2200265Ia 4500
005 20260302115332.0
008 008 260114s9999 xx 000 0 eng d
020 _a9798400647161
037 _aTextbook
040 _aCRL
040 _beng
040 _cCRL
041 _2eng
041 _aeng
084 _qCRL
100 _aLinda De Roche
_91119973
245 0 _aErich Segal A Critical Companion
260 _bBloomsbury
260 _bGreenwood
260 _c1997
650 _aLiterary Studies
856 _uhttps://doi.org/10.5040/9798400647161?locatt=label:secondary_bloomsburyCollections
942 _cEBOOK
999 _c1685840
_d1685840